İdari yargı mevzuatı : (Record no. 200467560)

MARC details
000 -LEADER
fixed length control field 01189cam a2200349 i 4500
001 - CONTROL NUMBER
control field 200467560
003 - CONTROL NUMBER IDENTIFIER
control field TR-AnTOB
005 - DATE AND TIME OF LATEST TRANSACTION
control field 20260318140640.0
007 - PHYSICAL DESCRIPTION FIXED FIELD--GENERAL INFORMATION
fixed length control field ta
008 - FIXED-LENGTH DATA ELEMENTS--GENERAL INFORMATION
fixed length control field 260317s2024 tu b 000 0 tur d
020 ## - INTERNATIONAL STANDARD BOOK NUMBER
International Standard Book Number 9786256805859
Qualifying information (paperback)
035 ## - SYSTEM CONTROL NUMBER
System control number (TR-AnTOB)200467560
040 ## - CATALOGING SOURCE
Original cataloging agency TR-AnTOB
Language of cataloging eng
Description conventions rda
Transcribing agency TR-AnTOB
041 0# - LANGUAGE CODE
Language code of text/sound track or separate title Türkçe
050 #4 - LIBRARY OF CONGRESS CALL NUMBER
Classification number KKX2764.A28
Item number A39 2024
090 ## - LOCALLY ASSIGNED LC-TYPE CALL NUMBER (OCLC); LOCAL CALL NUMBER (RLIN)
Classification number (OCLC) (R) ; Classification number, CALL (RLIN) (NR) KKX2764.A28
Local cutter number (OCLC) ; Book number/undivided call number, CALL (RLIN) A39 2024
100 1# - MAIN ENTRY--PERSONAL NAME
Personal name Akyılmaz, Bahtiyar
Relator term author
9 (RLIN) 75663
245 10 - TITLE STATEMENT
Title İdari yargı mevzuatı :
Remainder of title anayasa / idari yargı /
Statement of responsibility, etc. Prof. Dr. Bahtiyar Akyılmaz, Prof. Dr. Murat Sezginer, Prof. Dr. Cemil Kaya.
250 ## - EDITION STATEMENT
Edition statement Gözden geçirilmiş ve güncellenmiş 17. baskı.
264 #1 - PRODUCTION, PUBLICATION, DISTRIBUTION, MANUFACTURE, AND COPYRIGHT NOTICE
Place of production, publication, distribution, manufacture Ankara :
Name of producer, publisher, distributor, manufacturer Savaş Yayınevi,
Date of production, publication, distribution, manufacture, or copyright notice 2024.
300 ## - PHYSICAL DESCRIPTION
Extent vi, 470 pages ;
Dimensions 21 cm
336 ## - CONTENT TYPE
Content type term text
Content type code txt
Source rdacontent
337 ## - MEDIA TYPE
Media type term unmediated
Media type code n
Source rdamedia
338 ## - CARRIER TYPE
Carrier type term volume
Carrier type code nc
Source rdacarrier
504 ## - BIBLIOGRAPHY, ETC. NOTE
Bibliography, etc. note Includes bibliographical references.
650 #7 - SUBJECT ADDED ENTRY--TOPICAL TERM
Topical term or geographic name entry element İdari yargılama
Geographic subdivision Türkiye
Source of heading or term etuturkob
9 (RLIN) 120820
Topical term or geographic name entry element İdari mahkemeler
Geographic subdivision Türkiye
Source of heading or term etuturkob
9 (RLIN) 58420
700 1# - ADDED ENTRY--PERSONAL NAME
Personal name Sezginer, Murat
Relator term author
9 (RLIN) 73192
Personal name Kaya, Cemil
Relator term author
9 (RLIN) 102731
942 ## - ADDED ENTRY ELEMENTS (KOHA)
Source of classification or shelving scheme Library of Congress Classification
Koha item type Reserve-3d
Holdings
Withdrawn status Lost status Source of classification or shelving scheme Damaged status Not for loan Collection code Home library Current library Shelving location Date acquired Source of acquisition Cost, normal purchase price Inventory number Full call number Barcode Date last seen Copy number Cost, replacement price Date shelved Koha item type
    Library of Congress Classification Yeni / New Ödünç Verilebilir / Available Ayrılmış ders kitapları Merkez Kütüphane Merkez Kütüphane Ayrılmış Ders Kitapları / Course Reserves 16/03/2026 Satın Alma / Purchase 382.50 HUK KKX2764.A28 A39 2024 0074684 16/03/2026 1 0.00 17/03/2026 Reserve-3d
    Library of Congress Classification Yeni / New Ödünç Verilebilir / Available Ayrılmış ders kitapları Merkez Kütüphane Merkez Kütüphane Ayrılmış Ders Kitapları / Course Reserves 16/03/2026 Satın Alma / Purchase 382.50 HUK KKX2764.A28 A39 2024 c.2 0074685 16/03/2026 2 0.00 17/03/2026 Reserve-3d
    Library of Congress Classification Yeni / New Ödünç Verilebilir / Available Ayrılmış ders kitapları Merkez Kütüphane Merkez Kütüphane Ayrılmış Ders Kitapları / Course Reserves 16/03/2026 Satın Alma / Purchase 382.50 HUK KKX2764.A28 A39 2024 c.3 0074686 16/03/2026 3 0.00 17/03/2026 Reserve-3d
Devinim Yazılım Eğitim Danışmanlık tarafından Koha'nın orjinal sürümü uyarlanarak geliştirilip kurulmuştur.